[Event "SLO-chT1 East"]
[Site "Celje"]
[Date "2014.10.11"]
[Round "4"]
[White "Vida, Evgen"]
[Black "Bombek, Miha"]
[Result "1/2-1/2"]
[WhiteElo "1880"]
[BlackElo "1871"]
[PlyCount "37"]
[EventDate "2014.10.09"]
[EventType "team-tourn"]
[EventRounds "9"]
[EventCountry "SLO"]
[SourceTitle "EXT 2019"]
[Source "ChessBase"]
[SourceDate "2018.10.10"]
[SourceVersion "1"]
[SourceVersionDate "2018.10.10"]
[SourceQuality "1"]
[WhiteTeam "Rokada Lendava"]
[BlackTeam "Celje"]
[WhiteTeamCountry "SLO"]
[BlackTeamCountry "SLO"]

1. d4 Nf6 2. c4 c5 3. d5 e6 4. Nc3 exd5 5. Nxd5 Nxd5 6. Qxd5 Nc6 7. e4 d6 8. Nf3 Be6 9. Qd1 g6 10. Bd2 Bg7 11. Qc2 Qb6 12. Bc3 Bxc3+ 13. Qxc3 Qb4 14. Qxb4 Nxb4 15. Kd2 0-0-0 16. a3 Nc6 17. Kc3 Ne5 18. Be2 Kc7 19. h3 1/2-1/2

[Event "SLO-chT"]
[Site "Slovenia"]
[Date "2013.12.15"]
[Round "9"]
[White "Vida, Evgen"]
[Black "Kastelic, Marian"]
[Result "0-1"]
[WhiteElo "1903"]
[BlackElo "2308"]
[PlyCount "118"]
[EventDate "2013.11.22"]
[EventType "team-tourn"]
[EventRounds "9"]
[EventCountry "SLO"]
[SourceTitle "EXT 2015"]
[Source "ChessBase"]
[SourceDate "2014.11.20"]
[SourceVersion "1"]
[SourceVersionDate "2014.11.20"]
[SourceQuality "1"]
[WhiteTeam "Rokada Lendava"]
[BlackTeam "Maribor Branik"]
[WhiteTeamCountry "SLO"]
[BlackTeamCountry "SLO"]

1. d4 Nf6 2. c4 e6 3. a3 d5 4. Nc3 a6 5. cxd5 exd5 6. Bg5 Be7 7. e3 0-0 8. Qc2 Re8 9. Bd3 Nbd7 10. Nge2 b6 11. Rd1 Bb7 12. 0-0 Ne4 13. Bf4 Ndf6 14. Nxe4 dxe4 15. Bc4 Bd6 16. Bg3 Qe7 17. h3 b5 18. Ba2 a5 19. Rc1 b4 20. axb4 axb4 21. Bc4 Nd5 22. Ra1 g5 23. Bxd6 Qxd6 24. Ng3 Nb6 25. Bb3 Rxa1 26. Rxa1 Bd5 27. Bxd5 Nxd5 28. Ra5 c6 29. Qe2 Qe6 30. Qh5 h6 31. h4 gxh4 32. Nf5 Qg6 33. Nxh6+ Kh7 34. Qxg6+ Kxg6 35. Ng4 f6 36. Kh2 Rb8 37. Rc5 Rb6 38. f3 exf3 39. gxf3 Ra6 40. e4 Nf4 41. Ne3 Nd3 42. Rc2 Ne1 43. Rf2 Ra2 44. Nc4 Kg5 45. f4+ Kg4 46. Ne3+ Kh5 47. Nc4 b3 48. Re2 Nf3+ 49. Kg2 Nxd4 50. Rd2 c5 51. e5 fxe5 52. fxe5 Kg4 53. Ne3+ Kf4 54. Nc4 Ra4 55. Rf2+ Ke4 56. e6 Nxe6 57. Nd2+ Ke3 58. Nxb3 Nf4+ 59. Kf1 c4 0-1

[Event "SLO-CupT"]
[Site "Slovenia"]
[Date "2010.12.12"]
[Round "5"]
[White "Vida, Evgen"]
[Black "Brcar, Ales"]
[Result "1-0"]
[WhiteElo "1923"]
[BlackElo "1923"]
[PlyCount "65"]
[EventDate "2010.05.09"]
[EventType "team-swiss"]
[EventRounds "5"]
[EventCountry "SLO"]
[SourceTitle "EXT 2024"]
[Source "ChessBase"]
[SourceDate "2023.10.10"]
[SourceVersion "1"]
[SourceVersionDate "2023.10.10"]
[SourceQuality "1"]
[WhiteTeam "Rokada Lendava"]
[BlackTeam "Trebnje BMP"]
[WhiteTeamCountry "SLO"]
[BlackTeamCountry "SLO"]

1. d4 d5 2. c4 c6 3. Nc3 Nf6 4. Nf3 e6 5. Bg5 h6 6. Bh4 dxc4 7. a4 Bb4 8. e3 b5 9. Be2 Bb7 10. 0-0 a6 11. Bxf6 Qxf6 12. Ne4 Qe7 13. b3 c5 14. Nxc5 Bxc5 15. dxc5 Nc6 16. axb5 axb5 17. Rxa8+ Bxa8 18. bxc4 b4 19. Qa4 0-0 20. Ra1 Rb8 21. Bd3 f5 22. Nd4 Qd7 23. Be2 Bb7 24. Bf3 Ra8 25. Qxa8+ Bxa8 26. Rxa8+ Kh7 27. Bxc6 Qc7 28. Ra6 Qe5 29. Bb5 Qxc5 30. Rxe6 b3 31. Be8 g5 32. Bg6+ Kg8 33. Re8+ 1-0

[Event "SLO-CupT"]
[Site "Slovenia"]
[Date "2010.06.05"]
[Round "3"]
[White "Praznik, Anton"]
[Black "Vida, Evgen"]
[Result "1-0"]
[WhiteElo "2237"]
[BlackElo "1923"]
[PlyCount "65"]
[EventDate "2010.05.09"]
[EventType "team-swiss"]
[EventRounds "5"]
[EventCountry "SLO"]
[SourceTitle "EXT 2024"]
[Source "ChessBase"]
[SourceDate "2023.10.10"]
[SourceVersion "1"]
[SourceVersionDate "2023.10.10"]
[SourceQuality "1"]
[WhiteTeam "Vrhnika"]
[BlackTeam "Rokada Lendava"]
[WhiteTeamCountry "SLO"]
[BlackTeamCountry "SLO"]

1. e4 e5 2. Nf3 Nc6 3. Bb5 a6 4. Ba4 Nf6 5. 0-0 b5 6. Bb3 Be7 7. Re1 d6 8. c3 0-0 9. h3 h6 10. d4 Re8 11. Nbd2 Bf8 12. Bc2 Na5 13. b3 c5 14. d5 Bd7 15. Nf1 g6 16. Ng3 Bg7 17. Be3 Kh7 18. Qd2 Rh8 19. Nh2 Nb7 20. f4 exf4 21. Bxf4 a5 22. e5 dxe5 23. Bxe5 Ne8 24. Qf2 Rf8 25. Nh5 f5 26. Nxg7 Nxg7 27. Re2 Rf7 28. Rae1 Qf8 29. Nf3 Re8 30. Qh4 Nh5 31. g4 fxg4 32. Ng5+ hxg5 33. Qxh5+ 1-0